<?xml version="1.0" encoding="UTF-8"?><?xml-stylesheet type="text/xsl" href="static/style.xsl"?><OAI-PMH xmlns="http://www.openarchives.org/OAI/2.0/" xmlns:xsi="http://www.w3.org/2001/XMLSchema-instance" xsi:schemaLocation="http://www.openarchives.org/OAI/2.0/ http://www.openarchives.org/OAI/2.0/OAI-PMH.xsd"><responseDate>2026-04-28T19:46:31Z</responseDate><request verb="GetRecord" identifier="oai:uvadoc.uva.es:10324/84242" metadataPrefix="marc">https://uvadoc.uva.es/oai/request</request><GetRecord><record><header><identifier>oai:uvadoc.uva.es:10324/84242</identifier><datestamp>2026-04-21T19:21:17Z</datestamp><setSpec>com_10324_1157</setSpec><setSpec>com_10324_931</setSpec><setSpec>com_10324_894</setSpec><setSpec>col_10324_1298</setSpec></header><metadata><record xmlns="http://www.loc.gov/MARC21/slim" xmlns:doc="http://www.lyncode.com/xoai" xmlns:xsi="http://www.w3.org/2001/XMLSchema-instance" xmlns:dcterms="http://purl.org/dc/terms/" xsi:schemaLocation="http://www.loc.gov/MARC21/slim http://www.loc.gov/standards/marcxml/schema/MARC21slim.xsd">
<leader>00925njm 22002777a 4500</leader>
<datafield tag="042" ind1=" " ind2=" ">
<subfield code="a">dc</subfield>
</datafield>
<datafield tag="720" ind1=" " ind2=" ">
<subfield code="a">Nikiforov, A Yu</subfield>
<subfield code="e">author</subfield>
</datafield>
<datafield tag="720" ind1=" " ind2=" ">
<subfield code="a">Leys, Ch</subfield>
<subfield code="e">author</subfield>
</datafield>
<datafield tag="720" ind1=" " ind2=" ">
<subfield code="a">González Delgado, Manuel Ángel</subfield>
<subfield code="e">author</subfield>
</datafield>
<datafield tag="720" ind1=" " ind2=" ">
<subfield code="a">Walsh, J L</subfield>
<subfield code="e">author</subfield>
</datafield>
<datafield tag="260" ind1=" " ind2=" ">
<subfield code="c">2015</subfield>
</datafield>
<datafield tag="520" ind1=" " ind2=" ">
<subfield code="a">Electron density is one of the key parameters in the physics of a gas discharge. In this contribution the application of the Stark broadening method to determine the electron density in low temperature atmospheric pressure plasma jets is discussed. An overview of the available theoretical Stark broadening calculations of hydrogenated and non-hydrogenated atomic lines is presented. The difficulty in the evaluation of the fine structure splitting of lines, which is important at low electron density, is analysed and recommendations on the applicability of the method for low ionization degree plasmas are given. Different emission line broadening mechanisms under atmospheric pressure conditions are discussed and an experimental line profile fitting procedure for the determination of the Stark broadening contribution is&#xd;
suggested. Available experimental data is carefully analysed for the Stark broadening of lines in plasma jets excited over a wide range of frequencies from dc to MW and pulsed mode. Finally, recommendations are given concerning the application of the Stark broadening technique for the estimation of the electron density under typical conditions of plasma jets.</subfield>
</datafield>
<datafield tag="024" ind2=" " ind1="8">
<subfield code="a">Plasma Sources Science and Technology, 2015,  vol. 24, n. 3, p. 034001</subfield>
</datafield>
<datafield tag="024" ind2=" " ind1="8">
<subfield code="a">0963-0252</subfield>
</datafield>
<datafield tag="024" ind2=" " ind1="8">
<subfield code="a">https://uvadoc.uva.es/handle/10324/84242</subfield>
</datafield>
<datafield tag="024" ind2=" " ind1="8">
<subfield code="a">10.1088/0963-0252/24/3/034001</subfield>
</datafield>
<datafield tag="024" ind2=" " ind1="8">
<subfield code="a">034001-1</subfield>
</datafield>
<datafield tag="024" ind2=" " ind1="8">
<subfield code="a">3</subfield>
</datafield>
<datafield tag="024" ind2=" " ind1="8">
<subfield code="a">034001-18</subfield>
</datafield>
<datafield tag="024" ind2=" " ind1="8">
<subfield code="a">Plasma Sources Science and Technology</subfield>
</datafield>
<datafield tag="024" ind2=" " ind1="8">
<subfield code="a">24</subfield>
</datafield>
<datafield tag="024" ind2=" " ind1="8">
<subfield code="a">1361-6595</subfield>
</datafield>
<datafield tag="245" ind1="0" ind2="0">
<subfield code="a">Electron density measurement in atmospheric pressure plasma jets: Stark broadening of hydrogenated and non-hydrogenated lines</subfield>
</datafield>
</record></metadata></record></GetRecord></OAI-PMH>